000 00665nam a2200217Ii 4500
003 JO-AjNU
008 230606s9999||||xx |||||||||||||| ||und||
020 _a978-0-340-76167-0
040 _aJO-AjNU
_beng
_erda
_cJO-AjNU
041 _aeng
050 1 4 _aP147.H35 2004
100 3 _aHalliday,M.A.K تأليف,
_eauthor
_91577
245 0 3 _aAn Introduction To Functional Grammar
250 _a3 ed
264 3 1 _aLondon:Hodder Education An Hachette Uk Company,2004
300 _a689p
336 _atext
_btxt
_2rdacontent
337 _aunmediated
_bn
_2rdamedia
338 _avolume
_bnc
_2rdacarrier
650 4 _aAn Introduction To Functional Grammar-Grammar
_91578
999 _aE828
_c828
_d828